Statistics for Geographic Groups of Three #1

Click here to take the quiz!

General Stats

  • This quiz has been taken 62,534 times
    (25,756 since last reset)
  • The average score is 24 of 36

Answer Stats

GroupAnswer% Correct
Asian countries beginning with KKazakhstan
90%
Baltic countriesEstonia
87%
Baltic countriesLatvia
87%
Baltic countriesLithuania
86%
Holiest cites to Sunni muslimsMecca
84%
Countries starting with "Saint"St. Lucia
84%
Capitals of South AfricaCape Town
84%
Capitals of the E.U.Brussels
83%
Four letter countries of AfricaChad
82%
Countries starting with "Saint"St. Kitts and Nevis
82%
Asian countries beginning with KKyrgyzstan
82%
International airports serving NYCJFK
82%
Countries on BorneoIndonesia
81%
Countries on BorneoMalaysia
78%
Countries starting with "Saint"St. Vincent and the Grenadines
78%
Four letter countries of AfricaMali
75%
Capitals of South AfricaPretoria
74%
Longest mountain ranges in the AmericasRockies
74%
Longest rivers by length within ChinaYellow
74%
Longest mountain ranges in the AmericasAndes
72%
Four letter countries of AfricaTogo
72%
Asian countries beginning with KKuwait
72%
Countries on BorneoBrunei
71%
Longest rivers by length within ChinaYangtze
69%
Holiest cites to Sunni muslimsJerusalem
63%
Holiest cites to Sunni muslimsMedina
54%
International airports serving NYCLaGuardia
51%
Canadian territoriesYukon
50%
Longest mountain ranges in the AmericasAppalachian
48%
International airports serving NYCNewark
47%
Capitals of South AfricaBloemfontein
47%
Canadian territoriesNorthwest Territories
44%
Capitals of the E.U.Strasbourg
43%
Canadian territoriesNunavut
37%
Capitals of the E.U.Luxembourg
35%
Longest rivers by length within ChinaPearl
13%

Score Distribution

Percentile by Number Answered

Percent of People with Each Score

Your Score History

You have not taken this quiz since the last reset